000 00609nam a2200205Ia 4500
003 GCL
008 140319s9999 xx 000 0 ara d
040 _aGCL /
_cGCL
082 0 4 _a001.432
_bغ م
100 1 _aغازى حسين عناية
245 1 0 _aمناهج البحث العلمى فى الاسلام /
_cغازى حسين عناية
260 _a[S.N] :
_bدار الجيل ،
_c1990
300 _a309 ص
490 _a
650 0 4 _aطرق البحث
650 0 4 _aالاسلام
650 0 4 _aالاسلام والعلم
650 0 4 _aالشريعة الاسلامية
942 _2ddc
_cBK
999 _c36369
_d36369